000 01160pam a2200361 a 4500
999 _c11181
_d11181
001 3871649
003 GZU
005 20240402123718.0
008 891229s1990 nyua b 001 0 eng c
010 _a 89021530
020 _a0471567450
022 _aNo number
040 _aDNLM/DLC
_cDLC
_dDLC
050 0 0 _aRJ496
_bHOL 1990
060 _aWL 350 H754
082 0 0 _a618.92/8
_220
245 0 0 _aHoloprosencephaly:
_boverview and atlas of cases/
_cedited by Joseph R. Siebert ... [et al.].
260 _aNew York:
_bWiley-Liss,
_cc1990.
300 _ax, 420 pages:
_billustrations;
_c24cm.
504 _aIncludes bibliographical references and index.
505 _tHoloprosencephaly
520 _aHoloprosencephally
650 0 _aHoloprosencephaly.
650 0 _aHoloprosencephaly
_xCase studies.
650 2 _aAbnormalities, Multiple.
650 2 _aBrain
_xabnormalities.
650 2 _aFace
_xabnormalities.
650 2 _aFacial Bones
_xabnormalities.
700 1 _aSiebert, Joseph Robert.
906 _a7
_bcbc
_corignew
_d1
_eocip
_f19
_gy-gencatlg
942 _2lcc
_cBK
_h496
_iHOL
_kRJ